000 01386cam a2200325 a 4500
090 _c10539
001 200192
005 20080415110531.0
008 990713s2000 njua b 001 0 eng
010 _a99039744
020 _a0805819991 (cloth : acidfree paper)
020 _a0805820000 (pbk. : acidfree paper)
035 _a(DLC) 99039744
040 _aDLC
_cDLC
_dDLC
050 0 0 _aP95.45
_b.M35 2000
082 0 0 _a302.346
_221
_bMAR
100 1 _aMarkee, Numa.
245 1 0 _aConversation Analysis /
_cNuma Markee.
260 _aMahwah, N.J. :
_bL. Erlbaum Associates,
_cc2000.
300 _axv, 216 p. :
_bill. ;
_c24 cm.
440 0 _aSecond language acquisition research.
_pMonographs on research methodology
504 _aIncludes bibliographical references (p. 183-202) and indexes.
650 0 _aConversation analysis.
650 0 _aSecond language acquisition.
856 4 2 _3Publisher description
_uhttp://www.loc.gov/catdir/enhancements/fy0634/99039744-d.html
942 _2ddc
_cBB
999 _c10539
_d10539